Využitie finančnej analýzy vo finančnom manažmente podniku

Finančné riadenie podniku a zabezpečenie včasného prílevu peňažných prostriedkov zamerané na nastavenie peňažných tokov v rovnováhe. Finančná analýza ako východisko pre prijímanie finačných rozhodnutí a nástroj hodnotenia finančného zdravia podniku.

Enregistré dans:
Détails bibliographiques
Auteur principal: Tóthová, Alena, 1968-
Format: Chapitre de livre
Langue:slovaque
Sujets:
Tags: Ajouter un tag
Pas de tags, Soyez le premier à ajouter un tag!

MARC

LEADER 00000naa$a2200000$$$4500
001 0224408
005 20240502073656.9
041 0 |a slo 
044 |a SK 
245 1 0 |a Využitie finančnej analýzy vo finančnom manažmente podniku  |c Alena Tóthová 
520 |a Finančné riadenie podniku a zabezpečenie včasného prílevu peňažných prostriedkov zamerané na nastavenie peňažných tokov v rovnováhe. Finančná analýza ako východisko pre prijímanie finačných rozhodnutí a nástroj hodnotenia finančného zdravia podniku. 
610 2 0 |a riadenie finančné 
610 2 0 |a zdravie podniku finančné 
610 2 0 |a manažment finančný 
610 2 0 |a prostriedky likvidné 
610 2 0 |a cash flow 
610 2 0 |a rovnováha 
610 2 0 |a analýza finančná 
100 1 |a Tóthová, Alena, 1968-